'R' Movies by Poster Quiz Stats

Quiz Updated Jan 28, 2016

Challenge
Share
Tweet
Score 0/20 Timer 05:00
2 Plays Today
% Correct
Ratatouille
90.6%
RoboCop
87.2%
Return of the Jedi
84%
Rain Man
81.8%
Raiders of the Lost Ark
75.4%
Rango
72.6%
Robin Hood
71.4%
Rush Hour
71.3%
The Ring
70.8%
Reservoir Dogs
67.9%
% Correct
Rocky
65.6%
Rambo
51.4%
Raging Bull
51.4%
Resident Evil
43.9%
Running with Scissors
43.5%
Remember the Titans
42.2%
Runaway Bride
38.7%
Red Dragon
30.6%
Roman Holiday
29%
Requiem for a Dream
28%

You're not logged in!

Compare scores with friends on all Sporcle quizzes.
Join for Free
OR
Log In

You Might Also Like...

Show Comments

Extras

Top Quizzes Today


Score Distribution

Your Account Isn't Verified!

In order to create a playlist on Sporcle, you need to verify the email address you used during registration. Go to your Sporcle Settings to finish the process.

Report this User

Report this user for behavior that violates our Community Guidelines.

Details: